[Event "Antwerp op"]
[Site "Antwerp"]
[Date "1994.??.??"]
[Round "7"]
[White "Cherniaev, Alexander"]
[Black "Oll, Lembit"]
[Result "0-1"]
[WhiteElo "2415"]
[BlackElo "2615"]
[PlyCount "40"]
[EventDate "1994.08.??"]
[EventType "swiss"]
[EventRounds "9"]
[EventCountry "BEL"]
[Source "ChessBase"]
[SourceDate "1997.11.17"]

1. e4 c5 2. c3 e6 3. d4 d5 4. exd5 exd5 5. Be3 c4 6. b3 cxb3 7. axb3 Bd6 8. Bd3
Ne7 9. Qh5 Nd7 10. Bg5 Nf8 11. Ne2 Ne6 12. Be3 g6 13. Qf3 O-O 14. g4 f5 15.
gxf5 Nxf5 16. Bxf5 Rxf5 17. Qg2 Nf4 18. Nxf4 Bxf4 19. Nd2 Qe7 20. Ke2 Rg5 0-1

[Event "Antwerp op"]
[Site "Antwerp"]
[Date "1994.??.??"]
[Round "8"]
[White "Oll, Lembit"]
[Black "Akesson, Ralf"]
[Result "1-0"]
[WhiteElo "2615"]
[BlackElo "2460"]
[PlyCount "183"]
[EventDate "1994.08.??"]
[EventType "swiss"]
[EventRounds "9"]
[EventCountry "BEL"]
[Source "ChessBase"]
[SourceDate "1997.11.17"]

1. e4 c5 2. Nf3 e6 3. d4 cxd4 4. Nxd4 a6 5. Bd3 Nf6 6. O-O Qc7 7. Qe2 d6 8. c4
Nbd7 9. b3 Be7 10. Bd2 O-O 11. Nc3 Re8 12. Rac1 Bf8 13. Kh1 b6 14. f4 Bb7 15.
f5 Ne5 16. Bg5 Qc5 17. Bb1 Neg4 18. Qd2 Nd7 19. Bh4 g6 20. Na4 Qc7 21. h3 Nge5
22. Nc3 Rac8 23. Bg5 Ba8 24. Bh6 Qd8 25. Bxf8 Nxf8 26. Rcd1 Nfd7 27. Qf4 Qe7
28. f6 Qf8 29. Nce2 Red8 30. Ng3 Rc5 31. Qe3 Rcc8 32. Rd2 Rb8 33. a4 Nc6 34.
Nde2 Nce5 35. Nc3 Rbc8 36. Bc2 Bc6 37. Bd1 Nc5 38. Nge2 Bb7 39. Nd4 Ba8 40. Be2
Ncd7 41. Qf4 Nc5 42. Qe3 Ncd7 43. Kg1 Bb7 44. Rf2 Re8 45. Qf4 Nc5 46. Rd1 Ned7
47. Qe3 e5 48. Nc2 Nxb3 49. Bg4 Nbc5 50. Rfd2 Rcd8 51. Rxd6 Nb8 52. Rxb6 Rxd1+
53. Bxd1 Nbd7 54. Rb1 Nxf6 55. Nd5 Bxd5 56. exd5 Nxa4 57. Ra1 Nc5 58. Nb4 Qd6
59. Nc6 Nfd7 60. Be2 Kg7 61. Rf1 Rf8 62. g4 f6 63. Bd1 Ra8 64. Bc2 a5 65. h4 a4
66. Ra1 Ra6 67. h5 Ra8 68. Kf2 e4 69. h6+ Kf7 70. Kg2 Re8 71. g5 fxg5 72. Bxa4
Kg8 73. Bc2 Qf4 74. Qd4 Qg4+ 75. Kh2 Qh4+ 76. Kg2 Qxh6 77. d6 Qg7 78. Qd5+ Kh8
79. Rh1 Qb2 80. Nd4 Rf8 81. Rf1 Rxf1 82. Kxf1 Qc1+ 83. Ke2 Qf4 84. Nc6 g4 85.
Qd4+ Kg8 86. Qd5+ Kg7 87. Qd4+ Kh6 88. Qe3 g5 89. Ne7 Qf3+ 90. Kd2 g3 91. Ng8+
Kg6 92. Qxf3 1-0

[Event "Antwerp op"]
[Site "Antwerp"]
[Date "1994.??.??"]
[Round "9"]
[White "Korchnoi, Viktor"]
[Black "Oll, Lembit"]
[Result "1/2-1/2"]
[WhiteElo "2615"]
[BlackElo "2615"]
[PlyCount "25"]
[EventDate "1994.08.??"]
[EventType "swiss"]
[EventRounds "9"]
[EventCountry "BEL"]
[Source "ChessBase"]
[SourceDate "1997.11.17"]

1. c4 c6 2. Nf3 d5 3. d4 Nf6 4. e3 Bf5 5. Bd3 Bxd3 6. Qxd3 e6 7. O-O Nbd7 8.
Nc3 Bb4 9. Bd2 a5 10. a3 Be7 11. b3 O-O 12. Rfd1 Qc7 13. e4 1/2-1/2

[Event "Lloyds Bank op 18th"]
[Site "London"]
[Date "1994.??.??"]
[Round "1"]
[White "Basman, Michael"]
[Black "Oll, Lembit"]
[Result "1/2-1/2"]
[WhiteElo "2375"]
[BlackElo "2615"]
[PlyCount "93"]
[EventDate "1994.08.??"]
[EventType "swiss"]
[EventRounds "10"]
[EventCountry "ENG"]
[Source "ChessBase"]
[SourceDate "1999.11.16"]

1. h3 e5 2. a3 d5 3. d3 c5 4. g4 Nc6 5. Bg2 Nge7 6. Nc3 d4 7. Ne4 Ng6 8. Nf3
Be7 9. g5 f5 10. gxf6 gxf6 11. h4 Rg8 12. c4 Be6 13. Qa4 Qa5+ 14. Qxa5 Nxa5 15.
Rb1 Nb3 16. Bh6 Nh8 17. Bf1 Nf7 18. Bc1 Rb8 19. Nfd2 Nxc1 20. Rxc1 b5 21. cxb5
Rxb5 22. b3 f5 23. Bh3 Rg6 24. h5 Rh6 25. Ng3 Nd6 26. Bg2 Kf8 27. e3 dxe3 28.
fxe3 Bg5 29. Ke2 Bxb3 30. Nxb3 Rxb3 31. Rxc5 f4 32. exf4 Rb2+ 33. Kf3 Bxf4 34.
Bh3 Rb3 35. Rd5 Rxa3 36. Nf5 Nxf5 37. Bxf5 Bg5 38. Rg1 Be7 39. Rb1 Rxh5 40. Be4
Ra6 41. Rb8+ Kf7 42. Rb7 Rf6+ 43. Ke3 Rh3+ 44. Kd2 Rh2+ 45. Ke3 Rh3+ 46. Kd2
Rh2+ 47. Ke3 1/2-1/2

[Event "Lloyds Bank op 18th"]
[Site "London"]
[Date "1994.??.??"]
[Round "2"]
[White "Oll, Lembit"]
[Black "Sollars, Claude H"]
[Result "1-0"]
[WhiteElo "2615"]
[BlackElo "2210"]
[PlyCount "59"]
[EventDate "1994.08.??"]
[EventType "swiss"]
[EventRounds "10"]
[EventCountry "ENG"]
[Source "ChessBase"]
[SourceDate "1999.11.16"]

1. e4 c6 2. d4 d5 3. exd5 cxd5 4. c4 e6 5. Nf3 Nf6 6. Nc3 Bb4 7. Bg5 Bxc3+ 8.
bxc3 dxc4 9. Bxc4 Qc7 10. Qe2 Nd5 11. O-O O-O 12. Rfc1 Nc6 13. a3 Bd7 14. Ba2
b5 15. Nd2 Rae8 16. Ne4 f6 17. Bd2 a6 18. a4 bxa4 19. Nc5 Bc8 20. Nxa4 Kh8 21.
Nc5 a5 22. Re1 Qd6 23. Qf3 Nc7 24. Rab1 e5 25. Rb6 e4 26. Qf4 Rd8 27. Qxd6 Rxd6
28. Bf4 Rfd8 29. Bxd6 Rxd6 30. Nxe4 1-0

[Event "Lloyds Bank op 18th"]
[Site "London"]
[Date "1994.??.??"]
[Round "4"]
[White "Oll, Lembit"]
[Black "King, Daniel"]
[Result "1-0"]
[WhiteElo "2615"]
[BlackElo "2495"]
[PlyCount "61"]
[EventDate "1994.08.??"]
[EventType "swiss"]
[EventRounds "10"]
[EventCountry "ENG"]
[Source "ChessBase"]
[SourceDate "1999.11.16"]

1. d4 Nf6 2. c4 e6 3. Nf3 d5 4. Nc3 Be7 5. Bg5 O-O 6. e3 h6 7. Bxf6 Bxf6 8. Rc1
a6 9. a3 c6 10. Bd3 Nd7 11. O-O b5 12. cxb5 cxb5 13. Bb1 g6 14. Ne2 Nb6 15. Nf4
Nc4 16. a4 bxa4 17. Qxa4 Bd7 18. Qc2 Qe7 19. Nd3 Rfc8 20. Qe2 Bb5 21. Rfd1 Rc7
22. Rc3 Rac8 23. Qe1 a5 24. b3 Na3 25. Rxc7 Rxc7 26. Qxa5 Nxb1 27. Qxb5 Nc3 28.
Qb8+ Kg7 29. Ra1 Rb7 30. Qc8 Rxb3 31. Ra8 1-0

[Event "Lloyds Bank op 18th"]
[Site "London"]
[Date "1994.??.??"]
[Round "6"]
[White "Oll, Lembit"]
[Black "Tkachiev, Vladislav"]
[Result "0-1"]
[WhiteElo "2615"]
[BlackElo "2535"]
[PlyCount "80"]
[EventDate "1994.08.??"]
[EventType "swiss"]
[EventRounds "10"]
[EventCountry "ENG"]
[Source "ChessBase"]
[SourceDate "1999.11.16"]

1. d4 Nf6 2. c4 g6 3. Nc3 Bg7 4. e4 d6 5. Nf3 O-O 6. Be2 Na6 7. O-O e5 8. Be3
Ng4 9. Bg5 Qe8 10. dxe5 dxe5 11. h3 Nf6 12. Be3 b6 13. a3 Bb7 14. Qc2 Nc5 15.
Bxc5 bxc5 16. Nd5 Qb8 17. Nd2 a5 18. Nb1 Nxe4 19. Rd1 f5 20. Nbc3 Ng5 21. Bf1
Ne6 22. Qa4 Nd4 23. Nb5 Rf7 24. Rd2 e4 25. Nxd4 cxd4 26. Rb1 Qd8 27. Qb3 Rb8
28. Qa2 Be5 29. b4 c6 30. Ne3 Qg5 31. Nd1 axb4 32. c5 d3 33. Rxb4 Ba6 34. Rxb8+
Bxb8 35. Rb2 Bc7 36. Qb3 Kg7 37. Ne3 Qf4 38. g3 Qe5 39. Qb4 h5 40. Ng2 h4 0-1

[Event "Lloyds Bank op 18th"]
[Site "London"]
[Date "1994.??.??"]
[Round "7"]
[White "Arkell, Keith C"]
[Black "Oll, Lembit"]
[Result "1/2-1/2"]
[WhiteElo "2470"]
[BlackElo "2615"]
[PlyCount "109"]
[EventDate "1994.08.??"]
[EventType "swiss"]
[EventRounds "10"]
[EventCountry "ENG"]
[Source "ChessBase"]
[SourceDate "1999.11.16"]

1. d4 Nf6 2. Nf3 c5 3. d5 g6 4. Nc3 Bg7 5. e4 O-O 6. Be2 b5 7. e5 Ng4 8. Bf4 d6
9. exd6 exd6 10. Nxb5 Bxb2 11. Rb1 Bg7 12. Bxd6 a6 13. Bxf8 Kxf8 14. Na7 Bf5
15. h3 Qa5+ 16. Nd2 Nf6 17. O-O Qxa2 18. Bc4 Qa4 19. Rb7 Nbd7 20. Bb3 Qf4 21.
Nc6 a5 22. Re1 a4 23. Ba2 Bh6 24. Nf3 Ne4 25. Qe2 Re8 26. Qe3 Qxe3 27. fxe3 Nc3
28. Bc4 Bxe3+ 29. Kh1 Bf4 30. Rxe8+ Kxe8 31. Ra7 Nb6 32. Bd3 Bxd3 33. cxd3
Ncxd5 34. Nfe5 f6 35. Nc4 Nxc4 36. dxc4 Nb6 37. Re7+ Kf8 38. Rxh7 Nxc4 39. Ra7
Nb2 40. Ne7 Bd6 41. Nc8 Bg3 42. Nb6 c4 43. Nxa4 Nxa4 44. Rxa4 c3 45. Rc4 Be5
46. Kg1 f5 47. Kf2 Kg7 48. Ke3 Kh6 49. Rc5 Bf6 50. Kf4 Bg5+ 51. Ke5 Bd2 52. Kf6
Kh5 53. g3 Bg5+ 54. Kf7 Bd2 55. Kf6 1/2-1/2

[Event "Lloyds Bank op 18th"]
[Site "London"]
[Date "1994.??.??"]
[Round "9"]
[White "Kogan, Artur"]
[Black "Oll, Lembit"]
[Result "0-1"]
[WhiteElo "2470"]
[BlackElo "2615"]
[PlyCount "104"]
[EventDate "1994.08.??"]
[EventType "swiss"]
[EventRounds "10"]
[EventCountry "ENG"]
[Source "ChessBase"]
[SourceDate "1999.11.16"]

1. d4 d5 2. Nc3 Nf6 3. Bg5 e6 4. e3 c5 5. Nf3 Nc6 6. Bb5 Bd7 7. O-O cxd4 8.
exd4 Be7 9. Re1 O-O 10. a3 Rc8 11. Bd3 Ne8 12. Bxe7 Nxe7 13. Ne5 Nd6 14. Re3 g6
15. g4 Nc6 16. Rh3 f5 17. Qd2 Nxe5 18. dxe5 fxg4 19. Rg3 Nf7 20. Qe2 Qb6 21.
Rf1 Qxb2 22. Nxd5 exd5 23. e6 Rce8 24. e7 Qxa3 25. exf8=Q+ Qxf8 26. Re3 Ng5 27.
Rxe8 Nh3+ 28. Kh1 Qxe8 29. Qxe8+ Bxe8 30. Kg2 Nf4+ 31. Kg3 Nxd3 32. cxd3 h5 33.
Kf4 Kf7 34. Ke5 Bc6 35. Ra1 a6 36. d4 Ke7 37. Ra3 h4 38. Kf4 Kf6 39. Kxg4 g5
40. Re3 a5 41. Re5 b5 42. Rf5+ Ke7 43. Kf3 a4 44. Ke3 b4 45. Kd2 a3 46. Rxg5
Kf6 47. Rg1 Ba4 48. Rg8 b3 49. Kc3 b2 50. Rg1 Bd7 51. Kb3 Bf5 52. Ka2 Bc2 0-1

[Event "Lloyds Bank op 18th"]
[Site "London"]
[Date "1994.??.??"]
[Round "10"]
[White "Oll, Lembit"]
[Black "Norwood, David"]
[Result "0-1"]
[WhiteElo "2615"]
[BlackElo "2545"]
[PlyCount "84"]
[EventDate "1994.08.??"]
[EventType "swiss"]
[EventRounds "10"]
[EventCountry "ENG"]
[Source "ChessBase"]
[SourceDate "1999.11.16"]

1. d4 g6 2. Nf3 Bg7 3. g3 d5 4. Bg2 Nf6 5. O-O O-O 6. c4 c6 7. Qa4 Nbd7 8. cxd5
Nb6 9. Qa3 cxd5 10. Nc3 Bf5 11. b3 Ne4 12. Nd1 a5 13. Bf4 Nc8 14. Rc1 Ncd6 15.
Ne5 Qb6 16. Qb2 Rfc8 17. Ne3 Be6 18. f3 Nf6 19. g4 Nb5 20. Rcd1 a4 21. Rd3 axb3
22. axb3 Ne8 23. Rb1 f6 24. N5c4 Qa7 25. Rdd1 dxc4 26. bxc4 Nxd4 27. Qxd4 Qxd4
28. Rxd4 g5 29. Bg3 f5 30. Nc2 Ra2 31. Rd2 Bc3 32. Nd4 Bxd2 33. Nxe6 f4 34. Bf2
Rxc4 35. Rxb7 Rc1+ 36. Bf1 Raa1 37. Rxe7 Rxf1+ 38. Kg2 Be3 39. Bxe3 fxe3 40.
Nxg5 Rg1+ 41. Kh3 Ng7 42. Rxe3 Ra6 0-1

[Event "Tilburg"]
[Site "Tilburg"]
[Date "1994.??.??"]
[Round "1"]
[White "Oll, Lembit"]
[Black "Stangl, Markus"]
[Result "1-0"]
[WhiteElo "2615"]
[BlackElo "2535"]
[Annotator "Ribli"]
[PlyCount "113"]
[EventDate "1994.09.??"]
[EventType "k.o."]
[EventRounds "7"]
[EventCountry "NED"]
[Source "ChessBase"]
[SourceDate "1995.02.01"]

1. e4 c5 2. Nf3 e6 3. d4 cxd4 4. Nxd4 a6 5. Bd3 Bc5 6. Nb3 Ba7 (6... Be7 $5 7.
O-O (7. Nc3 $5 {/\ Be3, f4, Qf3, 0-0-0 +/=}) 7... Nc6 8. f4 d6 9. Qe2 Nf6 10.
N1d2 Nb4 11. Nf3 Nxd3 12. cxd3 O-O $10 {
Arakhamia,K-Portisch,L/Monaco 1994/CBM42/}) 7. O-O Nc6 8. Qg4 $1 Nf6 (8... Qf6
9. Nc3 Nge7 10. Bg5 $14 {Popovic,P-Schlosser,P/Brno/1992/CBM31/INF55,(207)/})
9. Qxg7 $1 (9. Qg3 $6 d6 10. Nc3 b5 11. a3 Bb7 12. Kh1 Qe7 13. f4 h5 14. Be3 h4
15. Qh3 Bxe3 16. Qxe3 h3 $1 $15 {
Sanchez Almeyra,J-Slipak,S/San Martin/1994/CBM42/}) 9... Rg8 10. Qh6 Ne5 (10...
Rg6 $5 11. Qh3 (11. Qh4 $5) 11... e5 $1 12. Qh4 Rg4 13. Qh6 Rg6 14. Qh4 Rg4 $10
{Horvath,J-Farago,I/Budapest Novoki-A/1987/CBM05/}) 11. Be2 b5 (11... d5 12.
Nc3 dxe4 $6 13. Bg5 Rg6 14. Qh4 Bd7 15. Nxe4 $18 {
Hellers,F-Sjoberg,M/Malmo/1994/CBM42/}) 12. Bg5 Rg6 13. Qh4 Bb7 14. N1d2 Rc8 (
14... h6 15. Bxf6 Rxf6 $14 {Ljubojevic,Lj-Lobron,E/Plovdiv/1983/INF35,235/})
15. c3 d5 16. Rad1 Qe7 17. Nf3 $1 Nxf3+ 18. Bxf3 dxe4 19. Bh5 Rxg5 20. Qxg5 Bd5
(20... Nxh5 21. Qxh5 Qf6 $14 22. Qxh7 $2 Ke7 $44) 21. Be2 Nd7 22. Rxd5 $1 (22.
Qxe7+ Kxe7 $44) 22... exd5 23. Qxd5 Nf6 24. Qf5 Rc6 25. Nd4 $6 (25. Rd1 $5 $16)
25... Bxd4 $1 26. cxd4 Qd6 27. Bd1 Qxd4 28. Bb3 Rc5 (28... Qxb2 $5) 29. Qf4 Qe5
30. Qd2 $1 Rc7 31. h3 Ke7 32. Rd1 Rd7 (32... Kf8 33. Qd6+ Qxd6 34. Rxd6 Ke7 35.
Rxa6 $18) 33. Qb4+ Ke8 34. Re1 (34. Rc1 $2 e3 $1 35. Re1 e2 $13) 34... Qd6 (
34... Qd4 $5) 35. Qc3 $1 Rc7 36. Qe3 Qc5 37. Qf4 Qc6 38. g4 $1 $36 Kf8 39. Rd1
Ne8 40. Qe5 Qf6 41. Qxe4 Qxb2 42. Qxh7 a5 43. Re1 $1 $18 Qf6 (43... a4 44. Qh6+
$18) 44. h4 Re7 45. Rxe7 Kxe7 46. Qe4+ Kf8 47. g5 Qa1+ 48. Kg2 a4 49. Bd5 Nd6
50. Qf4 Ke7 51. h5 Qd1 52. Qf6+ Kd7 53. Bf3 Qc2 54. h6 b4 55. g6 Qf5 (55...
Qxg6+ 56. Qxg6 fxg6 57. Bd5 $18) 56. Qxf5+ Nxf5 57. Bg4 1-0

[Event "Tilburg"]
[Site "Tilburg"]
[Date "1994.??.??"]
[Round "1"]
[White "Stangl, Markus"]
[Black "Oll, Lembit"]
[Result "1-0"]
[WhiteElo "2535"]
[BlackElo "2615"]
[Annotator "Ftacnik,L"]
[PlyCount "73"]
[EventDate "1994.09.??"]
[EventType "k.o."]
[EventRounds "7"]
[EventCountry "NED"]
[Source "ChessBase"]
[SourceDate "1995.02.01"]

1. d4 d5 2. c4 c6 3. e3 Nf6 4. Nc3 e6 5. Nf3 Nbd7 6. Qc2 Bd6 7. Bd2 O-O 8. h3
a6 9. g4 (9. O-O-O) 9... dxc4 (9... b5 $5) 10. Bxc4 (10. g5 Nd5 11. Bxc4 Nb4 $5
12. Qe4 b5 13. Bb3 Bb7 14. a3 Nd5 15. Bc2 g6 $13 {
Stangl,M-Oll,L/Tilburg m (04)/1994/}) 10... b5 11. Bd3 (11. Be2 $142) 11... c5
12. g5 c4 13. gxf6 (13. Be2 Nd5 14. e4 Nf4 $15) 13... cxd3 14. Qxd3 Nxf6 (14...
Qxf6 15. e4 Bb7 16. Rg1 $13) 15. e4 Bb7 16. Rg1 (16. e5 $2 Bxe5 $1) 16... b4
17. Bh6 g6 18. Bxf8 bxc3 $2 (18... Bxf8 $1 19. Ne2 Bxe4 $17) 19. Bxd6 cxb2 20.
Rd1 Bxe4 (20... Qxd6 21. Nd2 $16) 21. Qa3 $1 Bc2 (21... b1=Q 22. Rxb1 Bxb1 23.
Be7 $18) (21... Qb6 22. Nd2 $16) 22. Ke2 (22. Nd2 Bxd1 23. Kxd1 Qb6 24. Kc2
Qxd4 $132) 22... Ne4 (22... Qb6 23. Rb1 $1 Qb5+ 24. Ke3 Nd5+ 25. Kd2 $18) 23.
Bb4 Qd5 (23... Qb6 24. Rb1 $1 Bxb1 25. Rxb1 Rb8 26. Rxb2 a5 27. Qd3 $18) 24.
Qxb2 (24. Rb1 Bxb1 25. Rxb1 Nc3+ 26. Bxc3 Qe4+ 27. Kd2 Qxb1 28. Qxb2 $13) 24...
Bxd1+ (24... Qc4+ 25. Ke3 Nf6 26. Ne5 Nd5+ 27. Kd2 Qxb4+ 28. Kxc2 Rc8+ 29. Kb1
$18) 25. Rxd1 Rb8 26. Qa3 Qc4+ 27. Ke3 Rxb4 (27... Nf6 28. Bd6 Qc2 29. Qd3 Nd5+
30. Ke4 Nc3+ 31. Ke5 Rb5+ 32. Bc5 Qxd1 33. Qxc3 $16) 28. Rc1 $2 (28. Kxe4 Qe2+
29. Kf4 e5+ 30. Kg3 Rb2 (30... e4 31. Ne5 Rb2 32. Rf1 $1 $18) 31. Rf1 Rxa2 32.
Qb3 exd4 33. Kg2 $16) 28... Nd6 $1 $19 29. Kf4 Qb5 30. Kg3 Qb7 31. Qa5 Nf5+ 32.
Kf4 h6 33. h4 g5+ 34. hxg5 hxg5+ 35. Kxg5 Qxf3 36. Rc8+ Kg7 $4 (36... Kh7 37.
Qxb4 Qg2+ 38. Kf4 Qxf2+ 39. Ke5 Qg3+ 40. Kf6 Qg7#) 37. Qe5+ 1-0

[Event "Tilburg rapid20"]
[Site "Tilburg"]
[Date "1994.??.??"]
[Round "1"]
[White "Oll, Lembit"]
[Black "Stangl, Markus"]
[Result "1/2-1/2"]
[WhiteElo "2615"]
[BlackElo "2535"]
[PlyCount "88"]
[EventDate "1994.09.??"]
[EventType "k.o. (rapid)"]
[EventRounds "7"]
[EventCountry "NED"]
[Source "ChessBase"]
[SourceDate "1995.02.01"]

1. c4 e6 2. Nf3 d5 3. g3 c6 4. b3 a5 5. Bg2 a4 6. Bb2 Nf6 7. O-O Be7 8. d3 O-O
9. Nbd2 b5 10. cxb5 cxb5 11. Rc1 axb3 12. axb3 Na6 13. Nd4 Bd7 14. e4 Nb4 15.
Nb1 Qb6 16. Ne2 dxe4 17. dxe4 Bc6 18. e5 Nfd5 19. Nd4 Bb7 20. Ne2 Rfd8 21. Bd4
Qa6 22. Qd2 Nc6 23. Nbc3 Nxd4 24. Qxd4 Nxc3 25. Qxc3 Bxg2 26. Kxg2 b4 27. Qc4
Qb7+ 28. Qc6 Qxc6+ 29. Rxc6 Rd3 30. Rfc1 Rxb3 31. Nd4 Rba3 32. Nb5 R3a5 33. Rb6
g6 34. Rb7 Bf8 35. Rcc7 b3 36. Nd6 Rxe5 37. Nxf7 Re2 38. Rxb3 e5 39. Ng5 e4 40.
Nxh7 Bg7 41. Rbb7 Bd4 42. Rf7 e3 43. Nf6+ Bxf6 44. Rxf6 Rf8 1/2-1/2

[Event "Tilburg rapid20"]
[Site "Tilburg"]
[Date "1994.??.??"]
[Round "1"]
[White "Stangl, Markus"]
[Black "Oll, Lembit"]
[Result "1-0"]
[WhiteElo "2535"]
[BlackElo "2615"]
[PlyCount "61"]
[EventDate "1994.09.??"]
[EventType "k.o. (rapid)"]
[EventRounds "7"]
[EventCountry "NED"]
[Source "ChessBase"]
[SourceDate "1995.02.01"]

1. d4 d5 2. c4 c6 3. Nc3 Nf6 4. Nf3 e6 5. e3 Nbd7 6. Qc2 Bd6 7. Bd2 O-O 8. h3
a6 9. g4 dxc4 10. g5 Nd5 11. Bxc4 Nb4 12. Qe4 b5 13. Bb3 Bb7 14. a3 Nd5 15. Bc2
g6 16. h4 c5 17. h5 Nb4 18. axb4 Bxe4 19. Nxe4 cxd4 20. exd4 Qe7 21. Ke2 Bxb4
22. Bf4 f5 23. gxf6 Nxf6 24. hxg6 Rac8 25. gxh7+ Kh8 26. Bd3 Nxe4 27. Be5+ Rf6
28. Bxe4 Bd6 29. Bxf6+ Qxf6 30. Rag1 Rf8 31. Rg4 1-0

[Event "Cap d'Agde op"]
[Site "Cap d'Agde"]
[Date "1994.??.??"]
[Round "?"]
[White "Oll, Lembit"]
[Black "Kurajica, Bojan"]
[Result "1/2-1/2"]
[WhiteElo "2615"]
[BlackElo "2565"]
[PlyCount "83"]
[EventDate "1994.10.??"]
[EventType "swiss"]
[EventRounds "9"]
[EventCountry "FRA"]
[Source "ChessBase"]
[SourceDate "1996.11.15"]

1. e4 c5 2. Nf3 Nc6 3. d4 cxd4 4. Nxd4 Qb6 5. Nb3 Nf6 6. Nc3 e6 7. Bd3 d6 8.
O-O Qc7 9. Nb5 Qd7 10. c4 Be7 11. Bf4 O-O 12. Re1 Ne5 13. Bf1 b6 14. c5 bxc5
15. Nxc5 Qc6 16. Nb3 a6 17. Rc1 Qd7 18. Nc3 Ng6 19. Bg3 Rd8 20. Na5 Rb8 21. Rc2
h5 22. f3 Qc7 23. Nb3 Qa7+ 24. Bf2 Qa8 25. Na4 Nd7 26. Na5 Bb7 27. Rc7 Ngf8 28.
Nc4 Rbc8 29. Rxc8 Bxc8 30. Nxd6 Qc6 31. Nxc8 Rxc8 32. b3 a5 33. Qd3 Bb4 34. Rd1
Ne5 35. Qb1 Neg6 36. Be3 Ba3 37. Qa1 Kh7 38. Nb6 Bc5 39. Bxc5 Qxc5+ 40. Qd4
Qxd4+ 41. Rxd4 Rc2 42. Nc4 1/2-1/2

[Event "Cap d'Agde op"]
[Site "Cap d'Agde"]
[Date "1994.??.??"]
[Round "?"]
[White "Oll, Lembit"]
[Black "Psakhis, Lev"]
[Result "1-0"]
[WhiteElo "2615"]
[BlackElo "2605"]
[PlyCount "85"]
[EventDate "1994.10.??"]
[EventType "swiss"]
[EventRounds "9"]
[EventCountry "FRA"]
[Source "ChessBase"]
[SourceDate "1996.11.15"]

1. e4 e5 2. Nf3 Nf6 3. Nxe5 d6 4. Nf3 Nxe4 5. d4 d5 6. Bd3 Nc6 7. O-O Be7 8.
Re1 Bg4 9. c3 f5 10. Qb3 O-O 11. Nbd2 Na5 12. Qa4 Nc6 13. Qb3 Na5 14. Qa4 Nc6
15. Bb5 Nxd2 16. Nxd2 Qd6 17. Be2 Bxe2 18. Rxe2 Rae8 19. Nf3 Bf6 20. Rxe8 Rxe8
21. Qb5 Rb8 22. Bd2 a6 23. Qd3 Qd7 24. Re1 h6 25. h4 Kf7 26. Bf4 Re8 27. Be5
Bxe5 28. dxe5 Kg8 29. b4 Qf7 30. a4 f4 31. b5 axb5 32. axb5 Ne7 33. Qd4 Qf5 34.
Qc5 Qd7 35. c4 dxc4 36. Qxc4+ Qd5 37. Qxc7 Ng6 38. e6 Re7 39. Qc8+ Nf8 40. Re5
Qb3 41. Kh2 Qd3 42. h5 g5 43. Nxg5 1-0

[Event "Moscow ol (Men)"]
[Site "Moscow"]
[Date "1994.??.??"]
[Round "3"]
[White "Sokolov, Ivan"]
[Black "Oll, Lembit"]
[Result "1/2-1/2"]
[WhiteElo "2625"]
[BlackElo "2615"]
[Annotator "Hertneck"]
[PlyCount "52"]
[EventDate "1994.12.01"]
[EventType "swiss ()"]
[EventRounds "14"]
[EventCountry "RUS"]
[Source "ChessBase"]
[SourceDate "1995.04.01"]

1. d4 d5 2. c4 c6 3. Nc3 Nf6 4. Nf3 dxc4 5. a4 Bf5 6. e3 e6 7. Bxc4 Bb4 8. O-O
Nbd7 9. Qe2 Bg6 10. e4 O-O (10... Bxc3 11. bxc3 Nxe4 12. Ba3 Qc7 13. Rfe1 $1 {
has not been repeated since Huebner's convincing wins in Munich 1994.}) 11. Bd3
h6 12. Bf4 Rc8 $1 $146 {
It is amazing that this logical move has not been played before.} 13. h3 (13.
Rfd1) 13... Re8 14. Rfd1 (14. e5 Bxd3 15. Qxd3 Nd5 16. Nxd5 exd5 $13) 14... a6
15. Na2 (15. Ne5 $5) (15. Bc2 c5 16. Na2 Qb6 $13 {
Lerner,K-Ehlvest,J/Kujbishev/1986}) (15. e5 Nd5 (15... Bxd3 $2 16. Rxd3 Nd5 17.
Bd2 $1 $16 {/\ Ne4, Nh2, Rg3}) 16. Nxd5 cxd5 17. Bxg6 fxg6 18. Qd3 Nf8 $13)
15... Bf8 16. b4 a5 17. bxa5 (17. b5 c5 $13) 17... Qxa5 $10 18. Bd2 Qc7 19. e5
Bxd3 20. Qxd3 Nd5 21. Nc3 Nxc3 22. Bxc3 Nb6 23. a5 Nd5 24. Be1 c5 25. dxc5 Bxc5
26. Qb5 Qc6 1/2-1/2

[Event "Moscow ol (Men)"]
[Site "Moscow"]
[Date "1994.??.??"]
[Round "5"]
[White "Annageldyev, Orazly"]
[Black "Oll, Lembit"]
[Result "1/2-1/2"]
[WhiteElo "2440"]
[BlackElo "2615"]
[PlyCount "80"]
[EventDate "1994.12.01"]
[EventType "swiss ()"]
[EventRounds "14"]
[EventCountry "RUS"]
[Source "ChessBase"]
[SourceDate "1995.03.01"]

1. d4 d5 2. c4 c6 3. Nf3 Nf6 4. Nc3 e6 5. cxd5 exd5 6. Bg5 Be7 7. e3 Bf5 8. Bd3
Bxd3 9. Qxd3 Nbd7 10. O-O O-O 11. h3 Re8 12. Rab1 a5 13. Bf4 Nf8 14. Ne5 Ne6
15. Bh2 Bd6 16. f4 Nd7 17. Kh1 f6 18. Nf3 Nb6 19. f5 Bxh2 20. Kxh2 Nc7 21. e4
dxe4 22. Nxe4 Nbd5 23. Rbe1 Qd7 24. Nc5 Qd6+ 25. Kh1 b6 26. Ne4 Qd7 27. Nfd2
Re7 28. Nc4 Rae8 29. Ncd6 Rd8 30. Qb3 Kh8 31. a3 Ne8 32. Nc4 b5 33. Ncd2 Nec7
34. Nc5 Qe8 35. Nde4 Nb6 36. Nb7 Rd5 37. Qg3 Nc8 38. Nc3 Rxf5 39. Nxa5 Rxf1+
40. Rxf1 Ne6 1/2-1/2

[Event "Moscow ol (Men)"]
[Site "Moscow"]
[Date "1994.??.??"]
[Round "6"]
[White "Jussupow, Artur"]
[Black "Oll, Lembit"]
[Result "1/2-1/2"]
[WhiteElo "2655"]
[BlackElo "2615"]
[PlyCount "44"]
[EventDate "1994.12.01"]
[EventType "swiss ()"]
[EventRounds "14"]
[EventCountry "RUS"]
[Source "ChessBase"]
[SourceDate "1995.03.01"]

1. d4 d5 2. c4 c6 3. Nc3 Nf6 4. cxd5 cxd5 5. Bf4 Nc6 6. e3 Bg4 7. f3 Bd7 8. Bd3
e6 9. Bg3 Rc8 10. Nge2 Na5 11. b3 Bb4 12. Qd2 O-O 13. O-O Ne8 14. Rfb1 Qe7 15.
a3 Bxa3 16. Na2 Nc6 17. b4 a5 18. bxa5 Ra8 19. Nac1 Rxa5 20. Qc2 Bxc1 21. Qxc1
Rxa1 22. Rxa1 Nd6 1/2-1/2

[Event "Moscow ol (Men)"]
[Site "Moscow"]
[Date "1994.??.??"]
[Round "8"]
[White "Oll, Lembit"]
[Black "Morozevich, Alexander"]
[Result "1-0"]
[WhiteElo "2615"]
[BlackElo "2575"]
[Annotator "Hecht"]
[PlyCount "83"]
[EventDate "1994.12.01"]
[EventType "swiss ()"]
[EventRounds "14"]
[EventCountry "RUS"]
[Source "ChessBase"]
[SourceDate "1995.04.01"]

1. e4 c5 2. Nf3 e6 3. d4 cxd4 4. Nxd4 Nc6 5. Nc3 d6 6. Be2 Nf6 7. f4 Be7 8. O-O
O-O 9. Kh1 Qc7 10. Be3 a6 11. a4 Re8 12. Bd3 Nb4 13. Qe1 e5 14. fxe5 dxe5 15.
Nf5 Bxf5 16. Rxf5 b5 17. axb5 axb5 18. Bg5 Qb6 19. h3 h6 20. Bh4 Rxa1 21. Qxa1
Nd7 22. Bxb5 Bxh4 23. Bxd7 Nxc2 24. Qa4 Qe3 25. Rf1 Rd8 26. Qxc2 Rxd7 27. Nd5
Qg3 28. b4 Bg5 29. b5 Kh7 30. b6 Bf4 31. Nxf4 exf4 32. e5+ g6 33. Qc6 Rd2 34.
b7 Rf2 35. Rxf2 Qxf2 36. Qe4 $18 {The white passed pawn wins. Blacks only
chance for a draw is to give a perpetual check, but white doesn't sleep.} Qb6
37. Qd5 Kg7 (37... Kg8 38. e6 fxe6 39. Qd7 Qb4 40. Kh2 $18) 38. e6 Qe3 39. Qf3
Qe1+ 40. Kh2 Qe5 41. e7 Kf6 42. e8=Q 1-0

[Event "Moscow ol (Men)"]
[Site "Moscow"]
[Date "1994.??.??"]
[Round "9"]
[White "Rozentalis, Eduardas"]
[Black "Oll, Lembit"]
[Result "1/2-1/2"]
[WhiteElo "2595"]
[BlackElo "2615"]
[PlyCount "25"]
[EventDate "1994.12.01"]
[EventType "swiss ()"]
[EventRounds "14"]
[EventCountry "RUS"]
[Source "ChessBase"]
[SourceDate "1995.03.01"]

1. e4 c5 2. c3 Nf6 3. e5 Nd5 4. Nf3 Nc6 5. d4 cxd4 6. cxd4 d6 7. Bc4 Nb6 8. Bb5
dxe5 9. Nxe5 Bd7 10. Bxc6 Bxc6 11. Nxc6 bxc6 12. O-O g6 13. Re1 1/2-1/2